[Event "Minsk op"]
[Site "Minsk"]
[Date "2022.08.04"]
[Round "2"]
[White "Norman, Kseniya"]
[Black "Maljush, Andrej"]
[Result "1-0"]
[WhiteElo "1824"]
[BlackElo "2283"]
[PlyCount "101"]
[EventDate "2022.08.03"]
[EventType "swiss"]
[EventRounds "9"]
[EventCountry "BLR"]
[SourceTitle "CBM 209 Extra"]
[Source "ChessBase"]
[SourceDate "2022.09.30"]
[SourceVersion "1"]
[SourceVersionDate "2022.09.30"]
[SourceQuality "1"]

1. e4 c5 2. Nc3 Nc6 3. f4 g6 4. Nf3 Bg7 5. a4 e6 6. e5 d6 7. Bb5 d5 8. Bxc6+ bxc6 9. 0-0 c4 10. b3 cxb3 11. cxb3 Ba6 12. Rf2 c5 13. d4 Rc8 14. Nb5 Bxb5 15. axb5 Qb6 16. dxc5 Qxc5 17. Nd4 Ne7 18. Ba3 Qb6 19. Bxe7 Kxe7 20. Ra6 Qb7 21. Qa1 Ra8 22. Qa3+ Kd7 23. Qd6+ Ke8 24. Rc2 Bf8 25. Qc6+ Qxc6 26. Nxc6 Kd7 27. b6 axb6 28. Rxa8 Bc5+ 29. Rxc5 Rxa8 30. Rc2 Ra1+ 31. Kf2 Rd1 32. b4 Rb1 33. Ke2 h6 34. g3 Rh1 35. Nb8+ Kd8 36. Rc6 Rxh2+ 37. Kf3 Rb2 38. Na6 b5 39. Rb6 Rb3+ 40. Kg4 Ra3 41. Nc5 Rc3 42. Rxb5 Kc8 43. Rb6 d4 44. Rd6 Kc7 45. Rxd4 Kc6 46. Rd6+ Kb5 47. Nxe6 fxe6 48. Rxe6 h5+ 49. Kh4 g5+ 50. fxg5 Kxb4 51. g6 1-0